000 01076nam a2200241Ia 4500
001 10465
003 GE_BSU
008 181216s||||||||xx |||||||||||||| ||und||
020 _a9789992895269
040 _cGE_BSU
080 _a821.353.1–3 +821.353.1-311.6
100 _aგოთუა,ლევან
245 _aქართული პროზა წ.32.ლევან გოთუა:გმირთა ვარამი.წ.1-2
245 _cსარედ.კოლ.რ.თვარაძე და სხვ.შემდგ.რედ.ჯ.ღვინჯილია.ვ.ჯავახაძე.რედ.თეიმურაზ აბულაძე.მხატვ.დავით დუნდუა. თ. შარიფაშვილი
260 _aთბილისი
260 _bსაქართველო
260 _c1998
300 _a832გვ.20სმ.
541 _h12ლ.
653 _aლევან გოთუა:გმირთა ვარამი
653 _aქართული პროზა
942 _cBK
999 _c43724
_d43724